MARC

LEADER 00000nam0a2200000 4500
001 356273
005 20231207155637.0
035 |a (RuTPU)RU\TPU\retro\13533 
090 |a 356273 
100 |a 20200717d1937 m y0rusy50 ca 
101 0 |a rus 
102 |a RU 
105 |a y z 000zy 
181 0 |b  e  
182 0 |a n 
183 0 |a nc  |2 RDAcarrier 
200 1 |a Губернские очерки  |f М. Е. Салтыков (Салтыков-Щедрин)  |g под ред. В. Кирпотина 
210 |a Ленинград  |c Государственное издательство "Художественная литература"  |d 1957 
215 |a 466 с. 
283 |a volume 
606 1 |a Русская литература, дореволюционная  |2 stltpush  |3 (RuTPU)RU\TPU\subj\26371  |9 50314 
610 1 |a проза 
610 1 |a странники 
610 1 |a монологи 
610 1 |a праздники 
610 1 |a Россия 
610 1 |a губернии 
675 |a Р2  |v 4 
700 1 |a Салтыков (Салтыков-Щедрин)  |b М. Е.  |c русский писатель  |c публицист  |c настоящая фамилия Салтыков, псевдоним Н. Щедрин  |f 1826-1889  |g Михаил Евграфович  |3 (RuTPU)RU\TPU\pers\1208  |9 536 
702 1 |a Кирпотин  |b В.  |4 340  |4 080 
801 1 |a RU  |b 63413507  |c 20200717 
801 2 |a RU  |b 63413507  |c 20200720  |g RCR 
942 |c BK